000 01308pam a2200361 a 4500
001 3448279
003 OSt
005 20210417112446.0
008 920127s1992 nyu b 001 0 eng
010 _a 92003546
020 _a0671769561
040 _aDLC
_cDLC
_dDLC
050 0 0 _aE475.55
_b.W54 1992
080 _a92
_bW-69
082 0 0 _a973.7/092
_220
100 1 _aWills, Garry,
_d1934-
245 1 0 _aLincoln at Gettysburg :
_bthe words that remade America /
_cGarry Wills.
260 _aNew York :
_bSimon & Schuster,
_cc1992.
300 _a317 p. ;
_c24 cm.
365 _b14 usd
504 _aIncludes bibliographical references (p. 267-304) and indexes.
600 1 0 _aLincoln, Abraham,
_d1809-1865.
_tGettysburg address.
600 1 0 _aLincoln, Abraham,
_d1809-1865
_xOratory.
650 _2History of USA
650 _2President
653 _aისტორია
653 _aამერიკის შეერთებული შტატები
653 _aპრეზიდენტები
856 4 1 _3Table of contents
_uhttp://www.loc.gov/catdir/toc/fy0604/92003546.html
906 _a7
_bcbc
_corignew
_d1
_eocip
_f19
_gy-gencatlg
942 _2udc
_cBK
999 _c200
_d200